Sovietski architekti medzi dvoma zjazdami

Bibliographic Details
Main Author: -jm- (Author)
Format: Article
Language:Slovak
PhysicalDescription:Obr. 8.
Subjects:

MARC

LEADER 00000nab a2200000 a 4500
001 vtls000256429
003 SK-MaSNL
005 20260302221144.0
008 140301c1986 xo 0 slo
015 |a SNBRB19rr/mm-uuuuu 
035 |a CL0266543 
040 |a SNKBUCL  |b slo  |c SNKBUCL  |e AACR2 
041 0 |a slo 
044 |a xo  |c SK 
080 |a 72(47)  |2 1981 
100 1 |a -jm-  |4 aut  |9 855929 
245 1 0 |a Sovietski architekti medzi dvoma zjazdami  |c -jm- 
300 |b Obr. 8. 
650 0 7 |a architektúra sovietska  |2 snkbucl  |9 936081 
655 7 |a články z novín a časopisov  |2 snkbucl  |9 267496 
773 0 |t Projekt  |g Roč. 28, č. 5 (1986), s. 38-39 
850 |a Slovenská národná knižnica v Martine  |a MTA001 
852 |a SNK  |b KIS3GCP 
958 |a RK 
958 |a SU 
992 |a RBX 
999 |c 1510321  |d 1512251